| 000 | 00698nam a2200193 a 4500 | ||
|---|---|---|---|
| 008 | 100517s2002 ||||||||||||||||| || u | ||
| 020 | _a0071122907 | ||
| 050 | _aHA 29 Acz | ||
| 100 | _aAczel, Amir D | ||
| 245 | 1 | 0 |
_aComplete business statistics. (5th ed.) _cAmir D. Aczel, Jayavel Sounderpandian |
| 250 | _a5th ed. | ||
| 260 |
_aBoston: _bMcGraw-Hill _c2002 |
||
| 300 | _axxix, 877p.: ill. | ||
| 350 | _a0.00 | ||
| 650 | 3 | _aP0PULATION STATISTICS | |
| 650 | 0 | _aCOMMERCIAL STATISTICS | |
| 700 | _aSounderpandian, Jayavel | ||
| 995 |
_D0.00 _FCBU-MAIN LIBRARY (Kitwe) _H1 _I0.00 _M1 _UAVAILABLE _WMay 17, 2010 _ZMain Library Open Access Collection |
||
| 999 |
_c38130 _d38130 |
||